书目信息 |
| 题名: |
媒体·社会与国家
|
|
| 作者: | 岳谦厚 , 段彪瑞 编著 | |
| 分册: | ||
| 出版信息: | 北京 中国社会科学出版社 2008.05 |
|
| 页数: | 278页 | |
| 开本: | 21cm | |
| 丛书名: | ||
| 单 册: | ||
| 中图分类: | G219.296 , K250.7 | |
| 科图分类: | ||
| 主题词: | 近代史 | |
| 电子资源: | ||
| ISBN: | 978-7-5004-6898-1 | |
| 000 | 01070nam0 2200325 450 | |
| 001 | 012004257917 | |
| 005 | 20091221091830.29 | |
| 010 | @a978-7-5004-6898-1@dCNY23.00 | |
| 100 | @a20090323d2008 em y0chiy0110 ea | |
| 101 | 0 | @achi |
| 102 | @aCN@b110000 | |
| 105 | @ak z 000yy | |
| 106 | @ar | |
| 200 | 1 | @a媒体·社会与国家@9mei ti· she hui yu guo jia@e《大公报》与20世纪初期之中国@f岳谦厚,段彪瑞编著 |
| 210 | @a北京@c中国社会科学出版社@d2008.05 | |
| 215 | @a278页@d21cm | |
| 300 | @a山西大同大学学术著作出版资金资助 | |
| 330 | @a本书作者通过对《大公报》所刊文章及社评的研究分析,从不同侧面反映了20世纪初期的中国社会状况。 | |
| 517 | 1 | @a《大公报》与20世纪初期之中国@9《 da gong bao》 yu 20 shi ji chu qi zhi zhong guo |
| 605 | @a大公报@x研究 | |
| 605 | @a大公报 | |
| 606 | 0 | @a近代史 |
| 607 | @a中国 | |
| 607 | @a中国@x近代史@x研究 | |
| 690 | @aG219.296@v4 | |
| 690 | @aK250.7@v4 | |
| 701 | 0 | @a岳谦厚@9yue qian hou@4编著 |
| 701 | 0 | @a段彪瑞@9duan biao rui@4编著 |
| 801 | 0 | @aCN@bNLC@c20091221 |
| 905 | @b20797710-14@dG219.296@e396@f5 | |
| 媒体·社会与国家:《大公报》与20世纪初期之中国/岳谦厚,段彪瑞编著.-北京:中国社会科学出版社,2008.05 |
| 278页;21cm |
| 山西大同大学学术著作出版资金资助 |
| ISBN 978-7-5004-6898-1:CNY23.00 |
| 本书作者通过对《大公报》所刊文章及社评的研究分析,从不同侧面反映了20世纪初期的中国社会状况。 |
| ● |
| 相关链接 |
|
|
|
|
正题名:媒体·社会与国家
索取号:G219.296/396
 
预约/预借
| 序号 | 登录号 | 条形码 | 馆藏地/架位号 | 状态 | 备注 |
| 1 | 797710 | 207977108 | 第一样本阅览室/ [索取号:G219.296/396] | 在馆 | |
| 2 | 797711 | 207977117 | 第四借阅区/ [索取号:G219.296/396] | 在馆 | |
| 3 | 797712 | 207977126 | 第四借阅区/ [索取号:G219.296/396] | 在馆 | |
| 4 | 797713 | 207977135 | 第四借阅区/ [索取号:G219.296/396] | 在馆 | |
| 5 | 797714 | 207977144 | 密集书库-文学院/ [索取号:G219.296/396] | 在馆 |